| 000 | 00611nam a2200145Ia 4500 | ||
|---|---|---|---|
| 005 | 20260209120146.0 | ||
| 008 | 260209s9999||||xx |||||||||||||| ||und|| | ||
| 100 | _aPriya Agrawal | ||
| 245 | 0 | _aRule of law in international legal order : between power and rules a comparative sketch of six jurists | |
| 260 |
_aBangaloreBangalore _bNLSIU, Bangalore _c2022 |
||
| 300 | _a46 p. ; 25 cm. | ||
| 505 | _aInternational Law International Legal Order - Rule of Law Rule of Law Sovereignty | ||
| 700 | _aMr. Raag Yadava - SupervisorMr. Raag Yadava - Supervisor | ||
| 856 | _uhttps://dans.nls.ac.in/handle/123456789/1156 | ||
| 999 |
_c217554 _d217554 |
||